Box Office 2013 par images restreintes - Statistiques

Statistiques générales
  • Ce quiz a été pris 525 fois
  • Le résultat moyen est 9 sur 12
Statistiques - réponses
Par images Réponse % Correct
La Reine des neiges
99%
Moi, moche et méchant 2
95%
Iron Man 3
92%
Fast and Furious 6
89%
Le Hobbit : La Désolation de Smaug
85%
Le Loup de Wall Street
85%
Les Profs
85%
Belle et Sébastien
80%
Hunger Games : L'Embrasement
77%
Gravity
61%
Django Unchained
42%
Insaisissables
32%
Aucun quiz correspondant
Distribution des résultats
% des personnes avec chaque résultat
Percentile par nombre de réponses
Votre historique - résultats
Vous n’avez pas pris ce quiz